Lenka Procházková: Přijeď ochutnat

Podrobná bibliografia
Hlavný autor: Čúzy, Ladislav, 1950- (Autor)
Médium: Článok
Jazyk:slovenčina
Predmet:

MARC

LEADER 00000nab a2200000 a 4500
001 vtls000428317
003 SK-MaSNL
005 20260303174740.0
008 160202c1991 xo 0 slo
015 |a SNBRB19rr/mm-uuuuu 
035 |a CL0428445 
040 |a SNKBUCL  |b slo  |c SNKBUCL  |e AACR2 
041 0 |a slo 
044 |a xo  |c SK 
080 |a 82.09:885.0-3(048)  |2 1981 
080 |a 885.0-3(048)  |2 1981 
100 1 |a Čúzy, Ladislav,  |d 1950-  |4 aut  |9 226174 
245 1 0 |a Lenka Procházková: Přijeď ochutnat  |c Ladislav Čúzy 
500 |a V rubrike Ex libris. 
650 0 7 |a poviedky psychologické  |2 snkbucl  |9 893883 
655 7 |a články z novín a časopisov  |2 snkbucl  |9 267496 
655 7 |a články z odboru literárna veda a krásna literatúra  |2 snkbucl  |9 770045 
773 0 |t Romboid  |g Roč. 26, č. 7 (1991), s. 96 
787 0 8 |i Rec.:  |a Procházková, Lenka  |t Přijeď ochutnat  |d Praha : Československý spisovatel, 1991 
850 |a Slovenská národná knižnica v Martine  |a MTA001 
852 |a SNK  |b KIS3GCP 
958 |a RK 
958 |a CZ 
958 |a LX 
992 |a RBX 
999 |c 2098366  |d 2100296